Pays - Plus gros consommateurs de fast-food - Statistiques

Statistiques générales
  • Ce quiz a été pris 566 fois
  • Le résultat moyen est 7 sur 10
Statistiques - réponses
Hint Réponse % Correct
2 France
100%
1 Etats-Unis
99%
9 Allemagne
87%
3 Canada
87%
4 Royaume-Uni
83%
7 Japon
77%
6 Australie
67%
5 Corée du Sud
52%
10 Suisse
51%
8 Autriche
32%
Aucun quiz correspondant
Distribution des résultats
% des personnes avec chaque résultat
Percentile par nombre de réponses
Votre historique - résultats
Vous n’avez pas pris ce quiz